000 00320nam a22001217a 4500
008 180421b xxu||||| |||| 00| 0 eng d
041 _aeng
080 _a043.3
100 _a0
101 _aMBE-BA
245 _aTelemarketingu si Element Marketingu ne Kontekstin e Republikes se Kosoves
_cPonosheci, D
942 _2udc
_cBK
999 _c45374
_d45374